| 000 | 00429nam a2200157Ia 4500 | ||
|---|---|---|---|
| 008 | 230312s9999||||xx |||||||||||||| ||und|| | ||
| 020 | _a1-58542-036-0 | ||
| 082 |
_a919.904 _bZUB-E |
||
| 100 | _aZubrin,Robert | ||
| 245 | 0 | _aEntering space | |
| 260 |
_bRobert Zubrin _aNew york _c1999 |
||
| 300 | _a305 | ||
| 546 | _aEng. | ||
| 650 |
_aAviation _vCompleting global civilization , Creating a spacefaring civilization , |
||
| 942 | _cBK | ||
| 999 |
_c171 _d171 |
||